Thinking on the Web : Berners-Lee, Godel, and Turing
Gespeichert in:
| Hauptverfasser: | , |
|---|---|
| Format: | Buch |
| Sprache: | Englisch |
| Veröffentlicht: |
Hoboken :
John Wiley & Sons,
2006
|
| Schlagworte: | |
| Tags: |
Keine Tags, Fügen Sie das erste Tag hinzu!
|
MARC
| LEADER | 00000nam a22000003a 4500 | ||
|---|---|---|---|
| 001 | stu137492 | ||
| 005 | 20190206124549.3 | ||
| 008 | 070131s2006----xxu-----------------eng-d | ||
| 020 | |a 0-471--76814-2 | ||
| 040 | |a STU |b slo | ||
| 041 | 0 | |a eng | |
| 044 | |a xxu | ||
| 100 | 1 | |a Alesso, H.Peter |4 aut | |
| 245 | 1 | |a Thinking on the Web : |b Berners-Lee, Godel, and Turing | |
| 260 | |a Hoboken : |b John Wiley & Sons, |c 2006 | ||
| 300 | |a 261 s | ||
| 650 | 7 | |a umelá inteligencia |2 stusub | |
| 650 | 7 | |a Sémantický web |2 stusub | |
| 700 | 1 | |a Smith, Craig F |4 aut | |
| 996 | |b I24KN000148 |c I*11I5744 |l II680 |s A |a 24 |w stu137492_0001 | ||